|
|
|
|
| LEADER |
00000nam0a2200000 4500 |
| 001 |
108693 |
| 005 |
20231101214822.0 |
| 010 |
|
|
|a 5160023976
|
| 035 |
|
|
|a (RuTPU)RU\TPU\book\117338
|
| 090 |
|
|
|a 108693
|
| 100 |
|
|
|a 20070124d2006 m y0rusy50 ca
|
| 101 |
0 |
|
|a rus
|
| 102 |
|
|
|a RU
|
| 105 |
|
|
|a a j 001zy
|
| 200 |
1 |
|
|a Прикладные задачи исследования операций
|e учебное пособие
|f М. Ю. Афанасьев, К. А. Багриновский, В. М. Матюшок
|g Российский университет дружбы народов
|
| 210 |
|
|
|a Москва
|c Инфра-М
|d 2006
|
| 215 |
|
|
|a 352 с.
|c ил.
|
| 225 |
1 |
|
|a Учебники РУДН
|
| 320 |
|
|
|a Библиогр.: с. 348-351.
|
| 330 |
|
|
|a Учебное пособие содержит теоретическое описание основных задач курса «Прикладные задачи исследования операций»: разработка оптимального плана производства, задачи оптимального смешения и раскроя, оптимальное планирование финансов, транспортная задача, динамическое и нелинейное программирование, сетевой анализ проектов, основы теории игр, модели массового обслуживания, имитационное моделирование, принятие решений в условиях риска и некоторые другие. Пособие снабжено многочисленными примерами, решенными задачами и комментариями к ним, а также задачами для самостоятельной работы. Предназначено для студентов и преподавателей экономических вузов и практических работников. Подготовлено при содействии НФПК - Национального фонда подготовки кадров в рамках Программы «Совершенствование преподавания социально-экономических дисциплин в вузах» Инновационного проекта развития образования.
|
| 606 |
|
|
|a Операций исследование
|2 stltpush
|3 (RuTPU)RU\TPU\subj\13251
|9 39898
|
| 610 |
1 |
|
|a операции
|
| 610 |
1 |
|
|a исследование
|
| 610 |
1 |
|
|a прикладные задачи
|
| 610 |
1 |
|
|a оптимальное смешение
|
| 610 |
1 |
|
|a оптимальное планирование
|
| 610 |
1 |
|
|a финансы
|
| 610 |
1 |
|
|a оптимальный раскрой
|
| 610 |
1 |
|
|a транспортная задача
|
| 610 |
1 |
|
|a динамическое программирование
|
| 610 |
1 |
|
|a проекты
|
| 610 |
1 |
|
|a сетевой анализ
|
| 610 |
1 |
|
|a затраты
|
| 610 |
1 |
|
|a игры
|
| 610 |
1 |
|
|a нелинейное программирование
|
| 610 |
1 |
|
|a запасы
|
| 610 |
1 |
|
|a управление
|
| 610 |
1 |
|
|a массовое обслуживание
|
| 610 |
1 |
|
|a имитационное моделирование
|
| 610 |
1 |
|
|a дискретная оптимизация
|
| 610 |
1 |
|
|a принятие
|
| 610 |
1 |
|
|a теория
|
| 610 |
1 |
|
|a решения
|
| 675 |
|
|
|a 519.8(075.8)
|v 3
|
| 700 |
|
1 |
|a Афанасьев
|b М. Ю.
|
| 701 |
|
1 |
|a Багриновский
|b К. А.
|
| 701 |
|
1 |
|a Матюшок
|b В. М.
|
| 712 |
0 |
2 |
|a Российский университет дружбы народов
|2 stltpush
|3 (RuTPU)RU\TPU\col\4187
|
| 801 |
|
1 |
|a RU
|b 63413507
|c 20070124
|g PSBO
|
| 801 |
|
2 |
|a RU
|b 63413507
|c 20180222
|g PSBO
|
| 900 |
|
|
|a Исследование операций
|
| 942 |
|
|
|c BK
|
| 951 |
|
|
|a 521600
|
| 959 |
|
|
|a 3/20070122
|d 2
|e 149,90
|f АНЛ:1
|f ЧЗТЛ:1
|